000 00326nam a22001337a 4500
008 181005b xxu||||| |||| 00| 0 eng d
020 _a0029206901
041 _aeng
080 _a610
100 _a3
101 _aSHM
245 _aHnadbook Of Health Health Care And the Health Professions
_cDavid.M
942 _2udc
_cBK
999 _c48884
_d48884